000 01015nas a2200349 4500
001 BR0502388
003 BR-BrBNA
005 20231205105346.0
007 ta
008 230509b bl.|||p| |||| 00| 00por d
040 _aBR-BrBNA
_bpor
_cBiblioteca Nacional de Agricultura
041 _a(Pt)
072 _aF02
100 1 _aAlmeida, E.J. de
100 1 _aJesus, N. de
100 1 _aGanga, R.M.D.
100 1 _aBenassi, A.C.
100 1 _aScaloppi Junior, E.J.
100 1 _aMartins, A.B.G.
245 1 _aPropagação de Dovyalis sp. pelo processo de mergulhia aérea
650 _aFLACOURTIACEAE
650 _aDICOTILEDÔNEA
650 _aÁCIDO INDOLBUTÍRICO
650 _aENRAIZAMENTO
650 _aMERGULHIA
650 _aCLONAGEM
650 _aPROPAGAÇÃO VEGETATIVA
650 _aSÃO PAULO
773 0 _tRevista Brasileira de Fruticultura (Brazil)
_xISSN 0100-2945
_g(Dec 2004), v. 26(3) p. 511-514
_wBR0502388
909 _a202311
_bLúcia
_c55
_dLúcia Elande
942 _2AGRIS
_n0
_cANA
999 _c182544
_d182544